00278nam a2200121Ia 4500008004100000100001300041245004000054260002000094300000800114650001000122942000700132999001700139190216s9999||||xx |||||||||||||| ||und|| aA.La.Uke 0aHindi-Dalid Chinthan Ke Vivid Ayaam bShilpadanc2008 a143 aHindi cBK c16648d16648